| 000 | 01174cam a22003255a 4500 | ||
|---|---|---|---|
| 001 | 10200001 | ||
| 003 | EG-ScBUE | ||
| 005 | 20220313125059.0 | ||
| 008 | 950718s1993 enk f 000 edeng d | ||
| 020 | _a9780140178975 | ||
| 040 |
_aOBE _beng _erda _cOBE _dOCLCQ _dBAKER _dOCLCG _dOCLCQ _dOCLCG _dYDXCP _dUKSCO _dIESTP _dEG-ScBUE |
||
| 041 | 1 |
_aeng _hfre |
|
| 082 | 0 | 4 |
_a844.3 _bMON _222 |
| 100 | 1 |
_aMontaigne, Michel de, _d1533-1592, _eauthor. |
|
| 245 | 1 | 0 |
_aEssays / _cMichel de Montaigne ; translated with an introduction by J. M. Cohen. |
| 264 | 1 |
_aLondon : _bPenguin Books, _c1993. |
|
| 300 |
_a406 pages ; _c20 cm. |
||
| 336 |
_2rdacontent _atext _btxt |
||
| 337 |
_2rdamedia _aunmediated _bn |
||
| 338 |
_2rdacarrier _avolume _bnc |
||
| 500 | _aFirst published in Penguim Classics 1958. | ||
| 546 | _aText in English ; translated from the original French. | ||
| 650 | 7 |
_aFrench essays _y16th century. _2BUEsh |
|
| 650 | 7 |
_aFrench essays _vTranslations into English. _yBUEsh _2BUEsh |
|
| 651 | _2BUEsh | ||
| 653 |
_cMay2015 _bHHUUEENN |
||
| 655 |
_vReading book _934232 |
||
| 700 | 1 |
_aCohen, J. M. _q(John Michael), _d1903-1989, _etranslator. |
|
| 942 |
_2ddc _k844.3 MON _cBB |
||
| 999 |
_c19381 _d19353 |
||